Statistiques concernant Les animaux les plus méconnu

Cliquez ici pour prendre le quiz!

Statistiques générales

  • Ce quiz a été pris 75 fois
  • Le résultat moyen est 3 sur 16

Statistiques - réponses

Réponse% Correct
okapi
83%
narval
69%
requin-lutin
43%
fourmi panda
31%
Bec-en-sabot du Nil
14%
antilope saïga
11%
diable cornu
9%
cochon de mer
8%
grenouille violette
6%
moro-sphinx
5%
poisson perroquet bleu
5%
crevette-mente
3%
papillon caniche du Venezuela
3%
tenrec strié
2%
vipère des buissons
2%
poisson pacu
0%

Distribution des résultats

Percentile par nombre de réponses

% des personnes avec chaque résultat

Votre développement - résultats

Vous n’avez pas pris ce quiz